|
|
|
|
| LEADER |
00000nab a2200000uu 4500 |
| 001 |
vtls010891184 |
| 003 |
SK-MaSNL |
| 005 |
20260303135610.0 |
| 008 |
230218|1993 xo |||||||||||||||||eng| |
| 015 |
|
|
|a SNBRB
|
| 035 |
|
|
|a (urnnbn)urn:nbn:sk:snk:ar-0063q5
|
| 035 |
|
|
|a (uuid)6903493f-b6e1-4564-aa4d-ad5537f38eba
|
| 035 |
|
|
|a urn:nbn:sk:snk-ab8l16
|
| 040 |
|
|
|a SNKBUCL
|b slo
|c SNKBUCL
|e AACR2
|
| 041 |
0 |
|
|a eng
|
| 044 |
|
|
|a xo
|c SK
|
| 100 |
1 |
|
|a Langer, Pavel,
|d 1929-2016
|4 aut
|9 217874
|
| 245 |
1 |
0 |
|a Acute Effect of Some Hormones on the Metabolism of Polyamines in Rat Liver in vivo as Measured by Their Biliary Excretion
|c P. Langer, S. Matsuzaki
|
| 700 |
1 |
|
|a Matsuzaki, S.
|4 aut
|9 1146561
|
| 773 |
0 |
|
|t Endocrine regulations
|g Roč. 27, č. 2 (1993), s. 61-64
|
| 958 |
|
|
|a OND
|
| 958 |
|
|
|a EUIPO
|
| 958 |
|
|
|a article10
|
| 999 |
|
|
|c 1966607
|d 1968537
|